| 000 | 00744cab a2200229 4500 | ||
|---|---|---|---|
| 001 | WB3330-20 | ||
| 008 | 090401t1997 xxu||||| |||| 00| 0 eng d | ||
| 035 | _a(Sirsi) u80053 | ||
| 041 | _aeng | ||
| 245 | _aTerminal ferocity | ||
| 260 | _c1997 | ||
| 350 | _a0 | ||
| 490 |
_aEvening Standard Home and Property _v30 June 1997, 6-7(2) |
||
| 520 | _aHighlights the fears of local residents living on the proposed fifth Heathrow terminal flightpath. Discusses noise pollution levels and the possible effect on property values. | ||
| 650 | _aFIFTH TERMINAL | ||
| 650 | _aHEATHROW AIRPORT | ||
| 650 | _aNOISE POLLUTION | ||
| 650 | _aPROPERTY BLIGHT | ||
| 690 | _aENVIRONMENTAL AND LAND CONSULTANCY | ||
| 942 | _n0 | ||
| 948 | _c01/08/1997 | ||
| 999 |
_c50391 _d50391 |
||